Responses for Show #4023 - Wednesday, February 13, 2002

2002 Teen Tournament semifinal game 3.

Contestants

[<< previous game]

Emily Karrs, a junior from Gibsonia, Pennsylvania

Heidi Greimann, a junior from Columbia, Missouri

Seth Disner, a senior from Los Angeles, California

[next game >>]

Jeopardy! Round responses

TEEN QUEENS
WHEN DINOSAURS ROAMED THE EARTH
REJECTED S.A.T. QUESTIONS
CLASSICAL MUSIC
MASS MEDIA
SIMILES
    $200 15
Cleopatra

Emily
    $200 26
Tyrannosaurus rex

Heidi
    $200 9
Hinduism, Christianity, South Park

Heidi
    $200 6
Beethoven

Heidi
    $200 21
compact disc

Emily
    $200 1
a pod

Seth
    $400 16
Sweden

Emily
    $400 27
the Jurassic period

Heidi
    $400 10
Amtrak

Seth
    $400 7
Messiah

Heidi
    $400 22
Time

Emily
    $400 2
jelly

Seth
    $600 17
Marie Antoinette

Heidi
    $600 28
Triceratops

Emily
    $600 11
B (insubstantial)

Seth
    $600 8
Warsaw

Seth
    $600 23
Spiderman

Seth
    $600 3
sleep

Seth
    $800 19
Mary (Queen of Scots)

Seth
    $800 29
Brontosaurus

Seth
    $800 12
get rid of foreigners

Seth
    $800 14
Vivaldi

Emily
    $2,000 24
USA Today

Seth
    $800 4
a cucumber

Seth
    $1000 20
Victoria

Heidi
    $1000 30
China

Seth
    $1000 13
uracil

Heidi
    $1000 18
(Emily: Who was Rossini?)

Mozart

HeidiEmily
    $1000 25
CNN

Emily
    $1000 5
a March hare

Heidi

Scores at the first commercial break (after clue 16):

Seth Heidi Emily
$4,400 $2,800 $1,400

Scores at the end of the Jeopardy! Round:

Seth Heidi Emily
$9,600 $6,000 $2,600

Double Jeopardy! Round responses

NATIONAL PARKS
TV ALPHABET
SELF-DEFENSE
GO READ A BOOK
YOU DO THE MATH
RHYMES WITH GOAL
    $400 17
(Seth: What is the stone forest?)

the Petrified Forest

SethEmily
    $400 11
Total Request Live

Heidi
    $400 16
a bear hug

Seth
    $400 1
Nancy Drew

Heidi
    $400 26
9 (9 x 1)

Heidi
    $400 6
the soul

Emily
    $800 19
Zion

Emily
    $800 12
Under Cover

Heidi
    $800 18
chop

Heidi
    $800 2
Girl, Interrupted

Emily
    $800 27
2

Seth
    $800 7
a troll

Heidi
    $1200 23
Hot Springs

Heidi
    $1200 13
The Young and the Restless

Seth
    $1200 20
nunchaku

Seth
    $3,400 3
(Emily: What is life?)

a hero

Emily
    $1200 28
100 (50 x 2)

Heidi
    $1200 8
a foal

Heidi
    $1600 24
(Emily: What is Deep Creek National Park?)

Crater Lake National Park

Emily
Triple Stumper
    $1600 14
JAG

Emily
    $1600 21
X

Seth
    $1600 4
Sweet Valley University

Heidi
    $1600 29
(Heidi: What is 13?)
(Seth: What is 10?)
(Emily: What is 4?)

3 (12 divided by 4)

SethHeidiEmily
Triple Stumper
    $1600 9
a mole

Seth
    $2000 25
Lassen Peak

Triple Stumper
    $2,000 15
(Emily: What is TNN?)

BET (Black Entertainment Television)

Emily
    $2000 22
(Emily: What is taekwondo?)

aikido

Emily
Triple Stumper
    $2000 5
Maniac

Emily
    $2000 30
(Seth: What is 100?)
(Heidi: What is 50?)
(Emily: What is 200?)

500 (50 fingers x 10 eyes)

SethHeidiEmily
Triple Stumper
    $2000 10
a toll

Seth

Scores at the end of the Double Jeopardy! Round:

Seth Heidi Emily
$14,400 $11,200 -$4,000

[wagering suggestions for these scores]

Final Jeopardy! Round responses

STATE CAPITALS
(Alex: How many can there be?)
(Alex: What's the capital of Alabama? Montgomery. Alphabetically coming after that? [*].)
HeidiWhat is Cheyene?
$10,199
SethWhat is Providence?
$8,000
Montpelier, Vermont

Final scores:

Seth Heidi Emily
$6,400 $1,001 -$4,000
Finalist 2nd place: $5,000 3rd place: $5,000

Game dynamics:

Coryat scores:

Seth Heidi Emily
$13,200 $11,200 $1,400
20 R
(including 1 DD),
3 W
20 R,
2 W
13 R,
7 W
(including 2 DDs)

Combined Coryat: $25,800

[game clues] [game scores] [suggest correction]

Game tape date: 2001-12-18
The J! Archive is created by fans, for fans. Scraping, republication, monetization, and malicious use prohibited; this site may use cookies and collect identifying information. See terms. The Jeopardy! game show and all elements thereof, including but not limited to copyright and trademark thereto, are the property of Jeopardy Productions, Inc. and are protected under law. This website is not affiliated with, sponsored by, or operated by Jeopardy Productions, Inc. Join the discussion at JBoard.tv.